Logo BPK

Biblioteka

Politechniki Koszalińskiej

Podstawy i technologie uzdatniania wody : (Rekord nr 55798)

Szczegóły MARC
000 -ETYKIETA REKORDU
podpole kontrolne o stałej długości 01351nam a2200349 i 4500
001 - NUMER KONTROLNY REKORDU
pole kontrolne bg
015 ## - NUMER BIBLIOGRAFII NARODOWEJ
Numer bibliografii narodowej PB 22666/2008
020 ## - MIĘDZYNARODOWY ZNORMALIZOWANY NUMER KSIĄŻKI - ISBN
ISBN 9788392219446
020 ## - MIĘDZYNARODOWY ZNORMALIZOWANY NUMER KSIĄŻKI - ISBN
ISBN 9788392219422
020 ## - MIĘDZYNARODOWY ZNORMALIZOWANY NUMER KSIĄŻKI - ISBN
ISBN 9788392219439
040 ## - ŹRÓDŁO KATALOGOWANIA
Instytucja, która utworzyła rekord BPK
041 1# - KOD JĘZYKA
Kod języka tekstu pol
Kod języka oryginału ger
044 ## - KOD KRAJU WYDAWCY/PRODUCENTA
Kod kraju wydawcy/producenta POL
080 ## - UNIWERSALNA KLASYFIKACJA DZIESIĘTNA - UKD
UKD 628.16
920 ## - Międzynarodowy znormalizowany numer książki – ISBN
ISBN 978-83-922194-2-2 (t. 1)
920 ## - Międzynarodowy znormalizowany numer książki – ISBN
ISBN 978-83-922194-3-9 (t. 2)
920 ## - Międzynarodowy znormalizowany numer książki – ISBN
ISBN 978-83-922194-4-6 (całość)
008 - POLE O STAŁEJ DŁUGOŚCI - DANE KONTROLNE
podpole kontrolne o stałej długości 080813s2008 pl a f f |000 0 pol
245 00 - TYTUŁ/ODPOWIEDZIALNOŚĆ
Tytuł Podstawy i technologie uzdatniania wody :
Ciąg dalszy tytułu praca zbiorowa.
Oznaczenie części/sekcji dzieła T. 1 /
Pozostałe elementy strefy tytułu i oznaczenia odpowiedzialności pod red. Ralfa [!] Gimbela, Martina Jekela i Rainera Lieβfelda ; [przekł. Wiesław Sekuła].
246 1# - WARIANT TYTUŁU
Treść wyrażenia wprowadzającego Tyt. oryg.:
Tytuł Wasseraufbereitung - Grundlagen und Verfahren
260 ## - STREFA ADRESU WYDAWNICZEGO
Miejsce wydania Bydgoszcz :
Nazwa wydawcy/dystrybutora Oficyna Wydawnicza Projprzemeko,
Data publikacji, dystrybucji/powstania dokumentu 2008.
300 ## - STREFA OPISU FIZYCZNEGO
Objętość 500 s. :
Inne cechy fizyczne il. ;
Rozmiary 21 cm.
500 ## - UWAGI OGÓLNE
Tekst uwagi Tyt. oryg.: "Wasseraufbereitung - Grundlagen und Verfahren" 2004. Na książce błędna nazwa red., prawidłowa: Rolf Gimbel.
504 ## - UWAGA DOTYCZĄCA BIBLIOGRAFII
Informacje o bibliografii Bibliogr. przy rozdz.
650 #9 - HASŁO PRZEDMIOTOWE W FORMIE NAZWY OGÓLNEJ LUB JEDNOSTKOWEJ
Nazwa ogólna lub geograficzna Uzdatnianie wody
700 1# - HASŁO DODATKOWE - NAZWA OSOBOWA
Nazwa osobowa Gimbel, Rolf Dieter.
Określenie związku między hasłem a opisywanym materiałem Red.
700 1# - HASŁO DODATKOWE - NAZWA OSOBOWA
Nazwa osobowa Jekel, Martin.
Określenie związku między hasłem a opisywanym materiałem Red.
700 1# - HASŁO DODATKOWE - NAZWA OSOBOWA
Nazwa osobowa Lieβfeld, Rainer.
Określenie związku między hasłem a opisywanym materiałem Red.
700 1# - HASŁO DODATKOWE - NAZWA OSOBOWA
Nazwa osobowa Sekuła, Wiesław.
Określenie związku między hasłem a opisywanym materiałem Tł.
856 ## - LOKALIZACJA I DOSTĘP DO ELEKTRONICZNYCH DOKUMENTÓW ZDALNYCH
Link (URL) http://koha.tu.koszalin.pl/cgi-bin/koha/opac-detail.pl?biblionumber=55798
Tekst linku Katalog online BPK
942 ## - DODATKOWE ELEMENTY (KOHA)
Typ dokumentu Książka
Egzemplarze
Wycofany Status egzemplarza Uszkodzony Dostępność Lokalizacja stała Lokalizacja bieżąca Miejsce przechowywania Sygnatura Kod kreskowy Dział Typ dokumentu Ostatnio wypożyczono
      Tylko na miejscu Biblioteka Politechniki Koszalińskiej Biblioteka Politechniki Koszalińskiej Czytelnia BG 89384 02468624 628.1/.3 Wodociągi. Kanalizacja. Ścieki Książka  
      Dostępny Biblioteka Politechniki Koszalińskiej Biblioteka Politechniki Koszalińskiej Wypożyczalnia BG 89386 02468600   Książka 29.10.2024
      Dostępny Biblioteka Politechniki Koszalińskiej Biblioteka Politechniki Koszalińskiej Wypożyczalnia BG 89387 02468594   Książka 26.02.2013
      Dostępny Biblioteka Politechniki Koszalińskiej Biblioteka Politechniki Koszalińskiej Wypożyczalnia BG 89388 02468587   Książka 11.10.2017
      Tylko na miejscu Czytelnia Wydziału Elektroniki i Informatyki, Wydziału Architektury i Wzornictwa, Wydziału Inżynierii Mechanicznej i Energetyki oraz Wydziału Inżynierii Lądowej, Środowiska i Geodezji Czytelnia Wydziału Elektroniki i Informatyki, Wydziału Architektury i Wzornictwa, Wydziału Inżynierii Mechanicznej i Energetyki oraz Wydziału Inżynierii Lądowej, Środowiska i Geodezji Czytelnia Wydziałowa ul. Śniadeckich 2 89385 02468617 628.16 Uzdatnianie wody: procesy, instalacje, wyposażenie Książka  
© 2023 Biblioteka Politechniki Koszalińskiej :: KOHA